000 00620nam a22001817a 4500
999 _c61845
_d61845
005 20240527111123.0
008 240527s2006 enk||||| |||| 00| 0 eng d
020 _a9780387259413x
041 _aeng
080 _a617 + 616-006 S-30
100 _a Scott-Conner, Carol E.H.
_922183
245 _aChassin's Operative Strategy in Esophageal Surgery /
_cCarol E.H. Scott-Conner.
264 _aNew York :
_bSpringer,
_c2006.
300 _a164 p. :
_bill.;
_c29 cm.
653 _aსაყლაპავის მილის ქირურგია
653 _aმედიცინა
942 _2udc
_cᲬᲘᲒᲜᲘ